000 01142 a2200253 4500
008 090330t xxu||||| |||| 00| 0 eng d
020 _c250.00
020 _c125.00
035 _aB-65094
035 _aB-83271
035 _aB-82301
037 _bRP-L-158 / UBH-02-03:CHR / RP-02-03:ENG
037 _bRP-BKK-8 / PANSY-04-05:12 / RP-04-05:ENG
037 _bRP-L-411 / PANSY-04-05:2 / RP-04-05:ENG
082 _a080
100 _aAdbul Kalam, A.P.J.
245 _aIgnited minds:
_bunleashing the power within India/
_cby A.P.J. Abdul Kalam
260 _aNew Delhi
_bPenguin Books
_c2002
300 _axviii, 205 p
_c19cm (Hb)
942 _adpl
_cEN
_2ddc
_h080
_mABD
999 _c1654
_d1654